| 000 | 00644nam a2200229 a 4500 | ||
|---|---|---|---|
| 001 | 000010152 | ||
| 003 | DO-SdBNP | ||
| 005 | 20210722073609.0 | ||
| 008 | 091005s1975 dr a 001 0 spa d | ||
| 040 |
_aBPMSU _bspa _cBPMSU |
||
| 049 | _a | ||
| 082 |
_aRD861. 44 _bC957a 1975 _222 |
||
| 100 | 1 | _aCruz, Francisco Antonio | |
| 245 | 1 | 0 |
_aAscensión de las piedras / _cFrancisco Antonio Cruz. |
| 260 |
_aSanto Domingo : _bAmigo del Hogar, _c1975. |
||
| 300 |
_a147 p. : _bil ; _c21 cm. |
||
| 590 | _6Inventariado, 20121/VM | ||
| 650 | 4 | _aPoesía dominicana | |
| 650 | 4 | _aLiteratura dominicana. | |
| 910 | _aVMateo V. | ||
| 942 |
_2ddc _cBK |
||
| 999 |
_c13595 _d13595 |
||